| 000 | 00667pam a2200241 i 4500 | ||
|---|---|---|---|
| 001 | 819293 | ||
| 003 | OSt | ||
| 005 | 20160519104934.0 | ||
| 008 | 761112s1977 nyua b 001 0 eng | ||
| 010 | _a 76054985 | ||
| 020 | _a0030898803 | ||
| 040 | _aSEKU | ||
| 050 | 0 | 0 |
_aBD 21 _b.C57 1977 |
| 082 | 0 | 0 | _a100 |
| 100 | 1 |
_aChristian, James Lee, _d1927- |
|
| 245 | 1 | 0 |
_aPhilosophy : _ban introduction to the art of wondering / _cJames L. Christian. |
| 250 | _a2nd ed. | ||
| 260 |
_aNew York : _bHolt, Rinehart and Winston, _cc1977. |
||
| 300 |
_a716 p. : _bill. |
||
| 504 | _aIncludes bibliography. | ||
| 650 | 0 |
_aPhilosophy _vIntroductions. |
|
| 942 |
_2lcc _cGEN |
||
| 999 |
_c14217 _d14217 |
||